| 000 | 00662cam a22002054a 4500 | ||
|---|---|---|---|
| 999 |
_c117369 _d117369 |
||
| 001 | 15303225 | ||
| 005 | 20200513124857.0 | ||
| 008 | 080522s2009 caua bf 001 0 eng | ||
| 020 | _a9781412956871 (cl : hc : acidfree paper) | ||
| 040 | _cPK-LaUMT | ||
| 082 | 0 | 0 |
_a155.8496073 _222 _bHAN- |
| 245 | 0 | 0 |
_aHandbook of African American psychology / _cedited by Helen A. Neville, Brendesha M. Tynes and Shawn O. Utsey |
| 260 |
_aLos Angeles : _bSage, _c2009 |
||
| 300 |
_axxiv, 560 p. : _bill. ; _c26 cm. |
||
| 650 | 0 |
_aAfrican Americans _xPsychology |
|
| 700 | 1 | _aNeville, Helen A. | |
| 700 | 1 | _aTynes, Brendesha M. | |
| 700 | 1 | _aUtsey, Shawn O. | |
| 942 | _cBK | ||